Famous Characters by Mr. Potato Head Quiz Stats

Quiz Updated Mar 8, 2012

Challenge
Share
Tweet
Score 0/21 Timer 05:00
0 Plays Today
# Characters % Correct
20.Spider-Man
98.4%
17.Santa Claus
98.3%
8.Darth Vader
96%
2.Frankenstein's monster
94.9%
21.Homer Simpson
94.2%
6.Buzz Lightyear
92.9%
12.Shrek
90.7%
16.Luigi
90.2%
15.Indiana Jones
89.1%
14.Captain America
88.1%
19.Mr. T
86.5%
# Characters % Correct
11.Ghostface
80.3%
9.Optimus Prime
72.7%
4.Iron Man
69.8%
7.Jason Voorhees
68.9%
13.Hellboy
66.8%
1.Gene Simmons
62.4%
18.RoboCop
51.7%
5.Han Solo
50.1%
3.Doctor Zoidberg
37.8%
10.Alex DeLarge
33.3%

You're not logged in!

Compare scores with friends on all Sporcle quizzes.
Join for Free
OR
Log In

You Might Also Like...

Show Comments

Extras

Top Quizzes Today


Score Distribution

Your Account Isn't Verified!

In order to create a playlist on Sporcle, you need to verify the email address you used during registration. Go to your Sporcle Settings to finish the process.

Report this User

Report this user for behavior that violates our Community Guidelines.

Details: